00468nam a2200181Ia 4500003000400000005001700004008004100021020002200062040000700084041000800091082002200099100003100121245004600152260004400198300001600242365001300258650001500271OSt20230615114259.0210423s2019 xx 000 0 und d a978-93-83866-49-6 cAL aeng a657.46 223bMEHD aMEHROTRA (H C);GOYAL (S P) aDirect tax law and practice 2019-20 Ed 40 aAgrabSahitya Bhawan Publicationsc2019 a890,xvibPB b695cINR aIncome Tax